Mary Lyon and Mount Holyoke : opening the gates /

Bibliographic Details
Main Author: Green, Elizabeth Alden, 1908-1992
Format: Book
Language:English
Published: Hanover, N.H. : University Press of New England, 1979.
Subjects:

MARC

Tag First Indicator Second Indicator Subfields
LEADER 00000pam a2200000 i 4500
001 in00000038406
005 20151007081025.0
008 790117s1979 nhua b 00110beng
010 |a  78068857  
020 |a 0874511720 
035 |a (OCoLC)04641665 
035 |9 AAF5758AM 
040 |a DLC  |c DLC  |d TXA  |d UtOrBLW 
043 |a n-us---  |a n-us-ma 
049 |a TXAM  |c [1558645] 
050 0 0 |a LD7092.65.L9  |b G73 
082 0 |a 378.744/23 
100 1 |a Green, Elizabeth Alden,  |d 1908-1992. 
245 1 0 |a Mary Lyon and Mount Holyoke :  |b opening the gates /  |c Elizabeth Alden Green. 
264 1 |a Hanover, N.H. :  |b University Press of New England,  |c 1979. 
300 |a xviii, 406 pages :  |b illustrations ;  |c 24 cm. 
336 |a text  |b txt  |2 rdacontent 
337 |a unmediated  |b n  |2 rdamedia 
338 |a volume  |b nc  |2 rdacarrier 
500 |a Includes index. 
504 |a Bibliography: pages 347-350. 
600 1 0 |a Lyon, Mary,  |d 1797-1849. 
610 2 0 |a Mount Holyoke College  |x History. 
650 0 |a Women  |x Education  |z United States  |x History. 
650 0 |a College administrators  |z United States  |x Biography. 
999 |a MARS 
999 f f |s 7604be46-414c-3592-8212-c7ed97120d15  |i 2cb3e81f-f89c-3ef7-b11d-6712ee1b9e74  |t 0 
952 f f |p normal  |a Texas A&M University  |b College Station  |c Sterling C. Evans Library  |d Evans: Library Stacks  |t 0  |e LD7092.65.L9 G73  |h Library of Congress classification  |i unmediated -- volume  |m A14803339845 
998 f f |a LD7092.65.L9 G73  |t 0  |l Evans: Library Stacks